Sloveso kontemplovať a jeho väzby

Bibliographic Details
Main Author: Horecký, Ján, 1920-2006 (Author)
Format: Article
Language:Slovak
ISSN:0023-5202
Subjects:

MARC

LEADER 00000nab a2200000 a 4500
001 vtls000820910
003 SK-MaSNL
005 20260304105725.0
008 250429c2002 xo 0 slo
015 |a SNBRB2003/01-00732 
035 |a CLN000172565 
035 |a urn:nbn:sk:snk-ab1lhz 
035 |a (urnnbn)urn:nbn:sk:snk:ar-004ep6 
035 |a (uuid)b9d561b0-75d0-4cdc-b496-df7f8e4322c0 
040 |a SNKBUCL  |b slo  |c SNKBUCL  |e AACR2 
041 0 |a slo 
044 |a xo  |c SK 
080 |a 801.25:808.54  |2 1997 
080 |a 808.54-25  |2 1997 
100 1 |a Horecký, Ján,  |d 1920-2006  |4 aut  |9 105131 
245 1 0 |a Sloveso kontemplovať a jeho väzby  |c Ján Horecký 
650 0 7 |a slovenčina  |2 snkbucl  |9 1350 
650 0 7 |a slovesá  |2 snkbucl  |9 1325 
655 7 |a články z novín a časopisov  |2 snkbucl  |9 267496 
773 0 |t Kultúra slova  |g Roč. 36, č. 5 (2002), s. 280  |x 0023-5202 
850 |a Slovenská národná knižnica 
852 |a Slovenská národná knižnica 
954 |a odborná, vedecká literatúra pôvodná (slovenská)  |2 lita 
958 |a article27 
958 |a OND 
958 |a SK 
958 |a EUIPO 
992 |a RBX 
999 |c 2856830  |d 2858760